Positions Regarding Human Rights issues (Record no. 1752)

MARC details
000 -LEADER
fixed length control field 00385nam a22001337a 4500
008 - FIXED-LENGTH DATA ELEMENTS--GENERAL INFORMATION
fixed length control field 230620b xxu||||| |||| 00| 0 eng d
020 ## - INTERNATIONAL STANDARD BOOK NUMBER
International Standard Book Number 9291420484
082 ## - DEWEY DECIMAL CLASSIFICATION NUMBER
Classification number 323.34
Item number IPU
110 ## - MAIN ENTRY--CORPORATE NAME
Subordinate unit IPU
Location of meeting Geneva
Date of meeting or treaty signing 1998
245 ## - TITLE STATEMENT
Title Positions Regarding Human Rights issues
Remainder of title taken by the Inter-parliamentary Union in recent years
260 ## - PUBLICATION, DISTRIBUTION, ETC. (IMPRINT)
Place of publication, distribution, etc. Geneva
Name of publisher, distributor, etc. IPU
Date of publication, distribution, etc. 1998
300 ## - PHYSICAL DESCRIPTION
Extent 68p
942 ## - ADDED ENTRY ELEMENTS (KOHA)
Source of classification or shelving scheme Dewey Decimal Classification
Koha item type Books
Holdings
Withdrawn status Lost status Source of classification or shelving scheme Damaged status Not for loan Home library Current library Date acquired Total Checkouts Full call number Barcode Date last seen Price effective from Koha item type
    Dewey Decimal Classification     County Hall Archives County Hall Archives 06/20/2023   323.34 IPU 10011324 06/20/2023 06/20/2023 Books
LIBRARY OPENING HOURS

When the Parliament is sitting: 8.00a.m - 7.00p.m or until the house adjourns
Mondays and Fridays and when the House is on Recess:  8.00a.m - 5.00p.m
Closed on Weekends and Public Holidays

Online Public Access Catalog (OPAC)
Website: http://www.parliament.go.ke
Bunge Library: https://libraryir.parliament.go.ke
Contact: library@parliament.go.ke | Tel no: (254-2)2221291 or 2848000 Ext 5043